| 000 | 00608nam a22002055a 4500 | ||
|---|---|---|---|
| 005 | 20160620133600.0 | ||
| 008 | 160620s2014 ii fr 000 0 eng d | ||
| 020 | _a9789783000667 | ||
| 040 |
_aEG-ScBUE _beng _cEG-ScBUE |
||
| 082 | 0 | 4 |
_a620.00151 _bADV _222 |
| 245 | 0 | 0 |
_aAdvanced engineering mathematics / _cPratibha Mishra ... [et al.] |
| 250 | _aRev. ed. | ||
| 260 |
_aNew Delhi : _bV. P. Publications, _c2014. |
||
| 300 |
_a1274 p. ; _c24 cm. |
||
| 650 | 7 |
_aEngineering mathematics. _2BUEsh _93194 |
|
| 651 | _2BUEsh | ||
| 653 |
_bENGGEN _cJune2016 |
||
| 700 | 1 |
_aMishra, Pratibha. _940279 |
|
| 942 | _2ddc | ||
| 999 |
_c21936 _d21908 |
||